000 01281nam a2200253Ia 4500
999 _c36363
_d36363
001 2275
003 GE_BSU
005 20190501111456.0
008 181216s2009||||ge |||||||||||||| ||geo||
020 _a9789994087549
040 _cGE_BSU
041 _ageo
080 _a336.22(075.8)+338.516(075.8) ა–18
100 _aანანიაშვილი, იური.
_9566
245 _aგადასახადები, მოთხოვნა და მიწოდება :
_bლაფერ–კეინზიანური სინთეზი /
_cიური ანანიაშვილი, ვლადიმერ პაპავა; [რედ.როზეტა ასათიანი].
264 _aთბილისი :
_bსიახლე,
_c2009.
300 _a160 გვ. ;
_bნახ.
500 _aბიბლიოგრ. : გვ. 147–159.
653 _aეკონომიკა
653 _aგადასახადები
700 _aპაპავა, ვლადიმერ
_eავტორი, ეკონომიკურ მეცნიერებათა დოქტორი
_9567
700 _aასათიანი, როზეტა
_eრედაქტორი
_9568
942 _cBK
_2udc